Report of the third central wage board for sugr industry (Record no. 495957)

000 -LEADER
fixed length control field 00321cam a22000977a 4500
008 - FIXED-LENGTH DATA ELEMENTS--GENERAL INFORMATION
fixed length control field 180718b1989 xxu||||| |||| 00| 0 eng d
245 ## - TITLE STATEMENT
Title Report of the third central wage board for sugr industry
Statement of responsibility, etc. by Ministry of Labour
260 ## - PUBLICATION, DISTRIBUTION, ETC.
Place of publication, distribution, etc. New Delhi
Name of publisher, distributor, etc. Government of India
Date of publication, distribution, etc. 1989
300 ## - PHYSICAL DESCRIPTION
Extent 334p
700 ## - ADDED ENTRY--PERSONAL NAME
Personal name India. Ministry of Labour
Holdings
Withdrawn status Lost status Damaged status Not for loan Permanent Location Current Location Date acquired Barcode Date last seen Price effective from Koha item type
        Indian Institute of Public Administration Indian Institute of Public Administration 2018-08-04 GG21366 2018-08-04 2018-08-04 GG

Powered by Koha